000 00704nam a2200217Ia 4500
005 20241129105747.0
008 241129s9999||||xx |||||||||||||| ||und||
020 _a978-0-7556-0140-0
037 _aTB
040 _aARTS
_beng
_cARTS
041 _aeng
_2eng
084 _aW:91.46 R2
_qARTS
100 _aMahmoud Mohammad Ed.; Mohamedou Ed.
_9724625
245 0 _aState - building in the middle East and North Africa: one hundred years of nationalism, religion and politics
_cMahmoud Mohammad Ed.; Mohamedou Ed.
260 _aUK
_bI.B.Tauris
_c2021
300 _axii,277p.
365 _aUKP
_b21.99
650 _aPolitical Science
942 _cTB
_hW:91.46 R2
999 _c1225813
_d1225813